000 01527cab a22003135a 4500
001 L137618
008 070419e20070413xxkd f g 000 0 eng d
035 _a(Sirsi) u137618
041 0 _aeng
100 1 _aHolbrook, Jon
245 0 0 _aRethinking possession orders
260 _c2007
490 0 _aNew Law Journal
_v157(7268) 13 April 2007, 506-507(2)
520 _aDiscusses the need to take appropriate measures when residential tenants fall into rent arrears. Considers ways in which courts may seek to strike a balance between allowing reasonable time to pay and a landlord?s claim to an eviction order. Suspended possession orders, the concept of the tolerated trespasser, and no-date possession orders are described. The frequent suspension of warrants is described as undermining the court's authority in recent times. Refers to case law.
590 _aKA
650 2 4 _aCATALYST COMMUNITIES HOUSING ASSOCIATION V COLEMACK
650 2 4 _aDCA PRE-ACTION PROTOCOL FOR POSSESSION CLAIMS BASED ON RENT ARREARS
650 2 4 _aTAJ V ALI
650 2 4 _aHARLOW DC V HALL
650 2 4 _aTHOMPSON V ELMBRIDGE BC
650 2 4 _aWHITE V KNOWSLEY HOUSING TRUST AND ANOTHER
650 2 4 _aBRISTOL CITY COUNCIL V HASSAN AND ANOTHER
650 2 4 _aMERTON LBC V COOK
650 2 4 _aSOUTHWARK LBC V ST BRICE
651 4 _aEngland and Wales
_y1543-
690 _aPROPERTY-RESIDENTIAL PROPERTY-RESIDENTIAL LANDLORD AND TENANT-RESIDENTIAL TENANCIES-BREACHING RESIDENTIAL TENANCIES
700 1 _aBillingham, Nick
942 _n0
999 _c78676
_d78676